Normal view MARC view

Entry Personal Name

Number of records used in: 3

001 - CONTROL NUMBER

  • control field: 26133

003 - CONTROL NUMBER IDENTIFIER

  • control field: dpl

005 - DATE AND TIME OF LATEST TRANSACTION

  • control field: 20110222124120.0

008 - FIXED-LENGTH DATA ELEMENTS

  • fixed length control field: 110222|||a|||||| | ||| d

040 ## - CATALOGING SOURCE

  • Original cataloging agency: dpl
  • Transcribing agency: dpl

100 ## - HEADING--PERSONAL NAME

  • Personal name: विश्वनाथ सत्यनारायण

670 ## - SOURCE DATA FOUND

  • Source citation: Work cat.: (dpl): विश्वनाथ सत्यनारायण, चन्द्रगुप्त का स्वप्न /, 2009

670 ## - SOURCE DATA FOUND

  • Source citation: Work cat.: (dpl): विश्वनाथ सत्यनारायण, चन्द्रगुप्त का स्वप्न /, 2009

© Delhi Public Library
Hit Counter
free hit counter